000 02569cam a2200577 i 4500
001 xx004871556
003 NUKAT
005 20260428111403.0
008 200527s2020 pl a g |001 0bpol c
020 _a9788380987876
_q(oprawa twarda) :
_czł 40,00
035 _a(OCoLC)1156642178
035 _a(NUKAT)xx004871556
040 _aKAT U/MB
_bpol
_erda
_cKAT U/MBs
_dKAT U/DB
_dKR 253/MD
_dWA 14/PTs
_dGD PAN/JMSs
_dOLSZT 008/bak
045 2 _bd1928
_bd2018
046 _k2020
100 1 _aKowalik, Szczepan
_d(1981- ).
_eAutor
_940779
245 1 0 _aŚmierć nieosądzona :
_bsprawa księdza Romana Kotlarza /
_cSzczepan Kowalik, Arkadiusz Kutkowski ; Instytut Pamięci Narodowej. Komisja Ścigania Zbrodni przeciwko Narodowi Polskiemu. Oddział w Lublinie.
246 3 0 _aSprawa księdza Romana Kotlarza
260 _aLublin ;
_aWarszawa :
_bInstytut Pamięci Narodowej Komisja Ścigania Zbrodni przeciwko Narodowi Polskiemu Oddział w Lublinie,
_c2020.
300 _a397, [2] strony, [54] strony tablic :
_bilustracje ;
_c25 cm.
336 _aTekst
_btxt
_2rdacontent
337 _aBez urządzenia pośredniczącego
_bn
_2rdamedia
338 _aWolumin
_bnc
_2rdacarrier
380 _aKsiążki
380 _aPublikacje naukowe
388 1 _a2001-
504 _aBibliografia na stronach 313-326. Indeksy.
600 1 7 _aKotlarz, Roman
_d(1928-1976)
_vbiografie.
_2kaba
_940780
600 1 7 _aKotlarz, Roman
_d(1928-1976)
_xśmierć i pogrzeb.
_2kaba
_940781
600 1 7 _aKotlarz, Roman
_d(1928-1976)
_2DBN
_940782
610 2 7 _aKościół katolicki
_2DBN
_937102
648 7 _a1901-2000
_2DBN
_934996
648 7 _a2001-
_2DBN
_936393
650 7 _aWznowienie postępowania
_2DBN
_940783
650 7 _aWydarzenia w Polsce (1976)
_2DBN
_939773
650 7 _aŚledztwo i dochodzenie
_2DBN
_940784
650 7 _aPRL
_2DBN
_935084
650 7 _aOfiary prześladowań
_2DBN
_940037
650 7 _aDuchowieństwo katolickie
_2DBN
_935375
650 7 _aProcesy polityczne
_zPolska
_y1945-.
_2kaba
_940785
650 7 _aDuchowieństwo
_xprześladowania
_zPolska
_y1945-1990.
_2kaba
_940778
651 7 _aRadom (woj. mazowieckie)
_2DBN
_939775
655 7 _aBiografia
_2DBN
_935059
655 7 _aPraca zbiorowa
_2DBN
_935107
658 _aHistoria
658 _aReligia i duchowość
700 1 _aKutkowski, Arkadiusz.
_eAutor
_914494
710 2 _aInstytut Pamięci Narodowej - Komisja Ścigania Zbrodni przeciwko Narodowi Polskiemu.
_bOddział (Lublin).
_eInstytucja sprawcza
_eWydawca
_4pbl
_914495
920 _a978-83-8098-787-6 (oprawa twarda) : zł 40,00
942 _2ddc
_cBK_NM
999 _c27837
_d27837